Apprendre a ecrire /

Bibliographic Details
Main Author: Cognet, Blanche
Other Authors: Janet, Marcelle
Format: Book
Language:French
Published: Paris : E. Belin, -[1972?]
Series:Collection Pierre Clarac.
Subjects:

MARC

Tag First Indicator Second Indicator Subfields
LEADER 00000cam a2200000 a 4500
001 in00000075146
005 20151008060323.0
008 750425m19681972fr a 00110 fremu
035 |a (OCoLC)01298743 
035 |9 AAJ5548AM 
040 |c GYG  |d TXA  |d UtOrBLW 
049 |a TXAM  |d [  |v = ptie.]  |v 1 [1499372]  |v 2 [1499373] 
090 |a PC2112  |b .C58 1975 
092 |a 448  |b C658 
100 1 |a Cognet, Blanche. 
245 1 4 |a Apprendre a ecrire /  |c B. Cognet et M. Janet. 
264 1 |a Paris :  |b E. Belin,  |c -[1972?] 
264 3 |c 1975-1977 printing 
264 4 |c ©1968- 
300 |a 2 volumes :  |b illustrations ;  |c 20 cm. 
336 |a text  |b txt  |2 rdacontent 
337 |a unmediated  |b n  |2 rdamedia 
338 |a volume  |b nc  |2 rdacarrier 
490 1 |a Collection Pierre Clarac 
505 0 |a 1 ptie. Les sensations. (2e. ed.) -- 2. ptie. La pensee et la vie. 
650 0 |a French language  |x Composition and exercises. 
650 0 |a French language  |v Terms and phrases. 
700 1 |a Janet, Marcelle. 
830 0 |a Collection Pierre Clarac. 
999 |a MARS 
999 f f |s 76dab678-aae8-3ddd-b072-e75c09c4ca21  |i ae79f4eb-4a2e-3c93-b302-6b44344230ac  |t 0 
952 f f |p ric  |a Texas A&M University  |b Rellis Campus  |c Joint Library Facility  |s JLF  |d Remote Storage  |t 0  |e PC2112 .C58 1975  |h Library of Congress classification  |i unmediated -- volume  |k pt.2  |m A14806174147 
952 f f |p ric  |a Texas A&M University  |b Rellis Campus  |c Joint Library Facility  |s JLF  |d Remote Storage  |t 0  |e PC2112 .C58 1975  |h Library of Congress classification  |i unmediated -- volume  |k pt.1  |m A14806174139 
998 f f |a PC2112 .C58 1975  |s pt.1-2  |t 0  |l Remote Storage